| 000 | 00690nam a2200217 u 4500 | ||
|---|---|---|---|
| 005 | 20240913064621.0 | ||
| 008 | 100817s2005 es r 000 0 spa d | ||
| 020 | _a8480637188 | ||
| 035 | _aUPN01000177383 | ||
| 049 | _aI | ||
| 050 | 4 |
_aPZ78 _bP4.36 |
|
| 100 | 1 |
_aPenín Navascués, María Luisa, _d1967- |
|
| 245 | 1 | 0 |
_aConozco tu secreto / _cMaría Luisa Penín Navascués, Nuria Penín Navascués. |
| 260 |
_aBarcelona, Esp. : _bOctaedro, _c2005. |
||
| 300 |
_a84 p. : _bil. |
||
| 440 | 0 |
_aDuendes de limón ; _v2 |
|
| 650 | 4 |
_aLiteratura infantil española _95892 |
|
| 650 | 4 |
_aViolencia familiar _95665 |
|
| 700 | 1 |
_aPenín Navascués, Nuria, _d1972- _ecoaut. |
|
| 905 | _aInfantil | ||
| 999 |
_c149486 _d149486 |
||